000 00850nam a2200241 a 4500
005 20240911063928.0
008 991125s1988 mx 000 0 spa u
020 _a9682922534
035 _aUPN01000005708
049 _aSEP
050 4 _aZ739
_bQ5.2
100 1 _aQuintana Pali, Guadalupe
245 1 4 _aLas bibliotecas públicas en México :
_b1910-1940 /
_cGuadalupe Quintana Pali, Cristina Gil Villegas, Guadalupe Tolosa Sánchez.
260 _aMéxico :
_bSEP, Dirección General de Bibliotecas,
_c1988.
300 _a485 p. :
_bfotos
440 0 _aHistoria de las bibliotecas en México ;
_v3
650 7 _aBibliotecas
_zMéxico
_xHistoria
_2
_92887
650 4 _aBibliotecas públicas
_zMéxico
_93056
700 1 _aGil Villegas, Cristina,
_ecoaut.
700 1 _aTolosa Sánchez, Guadalupe,
_ecoaut.
905 _aLibro
999 _c5708
_d5708